| 000 | 00879cam a2200217 a 4500 | ||
|---|---|---|---|
| 001 | 000004697 | ||
| 005 | 20200929151501.0 | ||
| 008 | 780814s1976 sp b 001 0 spa | ||
| 020 | _a8432503223 | ||
| 040 |
_aDO-SdBNP _bspa _cDLC _dBNPHU |
||
| 082 |
_a860.4 _bF727o |
||
| 100 | 1 |
_aForner, Juan Pablo, _d1756-1797. _913680 |
|
| 245 | 1 | 0 |
_aOración apologética por la España y su mérito literario / _cJuan Pablo Forner. |
| 260 |
_aMadrid, España : _bEditorial Doncel, _c1976. |
||
| 300 |
_a265 p. ; _c18 cm. |
||
| 440 | 0 |
_aEl Libro de bolsillo Doncel ; _v105 _98628 |
|
| 500 | _aPara que sirva der exortación al discurso leído por el Abate Denina en la academia de ciencias de Berlín, respondiendo a la cuestión que se debe a España | ||
| 650 | 4 |
_aOratoria española _913681 |
|
| 651 | 4 |
_aEspaña _xCivilización _ySIGLO XVIII _913682 |
|
| 910 | _aCatalogación por copia / LC | ||
| 999 |
_c4503 _d4503 |
||